Visualizzazione normale
Vista MARC
- Spoletini, Domenico
di Personal Name
Records bibliografici associati: 1
001 - CONTROL NUMBER
- control field: 597
003 - CONTROL NUMBER IDENTIFIER
- control field: IT-RoPau
005 - DATE AND TIME OF LATEST TRANSACTION
- control field: 20130523114808.0
008 - FIXED-LENGTH DATA ELEMENTS
- fixed length control field: 130523|| aca||aabn | a|a d
040 ## - CATALOGING SOURCE
- Original cataloging agency: IT-RoPau
- Transcribing agency: IT-RoPau
100 ## - HEADING--PERSONAL NAME
- Personal name: Spoletini, Domenico
670 ## - SOURCE DATA FOUND
- Source citation: Work cat.: (IT-RoPau): Spoletini, Domenico, Tre vite una parabola, 1996